<?xml version="1.0" encoding="UTF-8"?>
<marc:record xmlns:marc="http://www.loc.gov/MARC21/slim">
   <marc:leader>00000nam a2200000 a 4500</marc:leader>
   <marc:datafield ind1=" " ind2=" " tag="653">
      <marc:subfield code="a">Empfohlen ab 10 Jahren</marc:subfield>
   </marc:datafield>
   <marc:datafield ind1="0" ind2="0" tag="245">
      <marc:subfield code="a">Onward</marc:subfield>
   </marc:datafield>
   <marc:datafield ind1="0" ind2="0" tag="245">
      <marc:subfield code="b">Keine halben Sachen</marc:subfield>
   </marc:datafield>
   <marc:datafield ind1=" " ind2="1" tag="264">
      <marc:subfield code="b">Walt Disney Pixar</marc:subfield>
   </marc:datafield>
   <marc:datafield ind1="1" ind2=" " tag="520">
      <marc:subfield code="a">Zauber und Magie? Diese Zeiten sind lange vorbei. In New Mushroomton leben Elfen, Zwerge, Riesen, hyperaktive Hausdrachen oder bekloppte Einhörner heute ganz modern mit all dem technischen Schnick-Schnack unserer Zeit. Die beiden Elfenbrüder Ian und Barley sind also etwas überfordert als sie einen uralten Zauberstab ihres verstorbenen Vaters geschenkt bekommen, der das Unmögliche möglich machen soll: ein Wiedersehen! Leider klappt das dann auch nur so halb und geht über die Hose nicht hinaus. Um auch die bessere Hälfte wiederherzustellen, geht es auf einen wahnwitzigen, rasanten Trip voller versteckter Hinweise, scheinbar unlösbarer Aufgaben und witziger Wendungen. Was für ein Abenteuer!</marc:subfield>
   </marc:datafield>
   <marc:datafield ind1="3" ind2=" " tag="024">
      <marc:subfield code="a">8717418567491</marc:subfield>
   </marc:datafield>
   <marc:datafield ind1=" " ind2=" " tag="041">
      <marc:subfield code="a">ger</marc:subfield>
   </marc:datafield>
   <marc:datafield ind1="1" ind2=" " tag="521">
      <marc:subfield code="a">FSK ab 6 freigegeben</marc:subfield>
   </marc:datafield>
   <marc:datafield ind1="1" ind2=" " tag="521">
      <marc:subfield code="a">6</marc:subfield>
   </marc:datafield>
   <marc:datafield ind1=" " ind2=" " tag="338">
      <marc:subfield code="a">Videodisk</marc:subfield>
   </marc:datafield>
   <marc:datafield ind1=" " ind2=" " tag="300">
      <marc:subfield code="a">1 DVD</marc:subfield>
   </marc:datafield>
</marc:record>
